The power of business process improvement : (Record no. 22798)
[ view plain ]
| 000 -LEADER | |
|---|---|
| fixed length control field | 01084cam a22002895a 4500 |
| 001 - CONTROL NUMBER | |
| control field | 18527401 |
| 005 - DATE AND TIME OF LATEST TRANSACTION | |
| control field | 20201128023930.0 |
| 008 - FIXED-LENGTH DATA ELEMENTS--GENERAL INFORMATION | |
| fixed length control field | 150316t2016 nyua frb 001 0 eng d |
| 020 ## - INTERNATIONAL STANDARD BOOK NUMBER | |
| International Standard Book Number | 9780814436615 |
| 040 ## - CATALOGING SOURCE | |
| Original cataloging agency | DLC |
| Language of cataloging | eng |
| Transcribing agency | DLC |
| Modifying agency | DLC |
| -- | EG-ScBUE |
| 082 04 - DEWEY DECIMAL CLASSIFICATION NUMBER | |
| Classification number | 658.51 |
| Edition number | 22 |
| Item number | PAG |
| 100 1# - MAIN ENTRY--PERSONAL NAME | |
| Personal name | Page, Susan |
| Fuller form of name | (Susan Ann) |
| 245 14 - TITLE STATEMENT | |
| Title | The power of business process improvement : |
| Remainder of title | 10 simple steps to increase effectiveness, efficiency, and adaptability / |
| Statement of responsibility, etc | Susan Page. |
| 246 3# - VARYING FORM OF TITLE | |
| Title proper/short title | The power of business process improvement : |
| Remainder of title | ten simple steps to increase effectiveness, efficiency, and adaptability |
| 250 ## - EDITION STATEMENT | |
| Edition statement | 2nd ed. |
| 260 ## - PUBLICATION, DISTRIBUTION, ETC. (IMPRINT) | |
| Place of publication, distribution, etc | New York : |
| Name of publisher, distributor, etc | American Management Association, |
| Date of publication, distribution, etc | c.2016. |
| 300 ## - PHYSICAL DESCRIPTION | |
| Extent | xiv, 370 p. : |
| Other physical details | ill. ; |
| Dimensions | 24 cm. |
| 500 ## - GENERAL NOTE | |
| General note | Earlier edition: 2010. |
| 500 ## - GENERAL NOTE | |
| General note | Index : p. 361-370. |
| 504 ## - BIBLIOGRAPHY, ETC. NOTE | |
| Bibliography, etc | Includes bibliographical references . |
| 650 #0 - SUBJECT ADDED ENTRY--TOPICAL TERM | |
| Topical term or geographic name as entry element | Workflow |
| General subdivision | Management. |
| Source of heading or term | BUEsh |
| 9 (RLIN) | 4787 |
| 650 #7 - SUBJECT ADDED ENTRY--TOPICAL TERM | |
| Topical term or geographic name as entry element | Organizational effectiveness. |
| Source of heading or term | BUEsh |
| 9 (RLIN) | 891 |
| 650 #7 - SUBJECT ADDED ENTRY--TOPICAL TERM | |
| Topical term or geographic name as entry element | Management. |
| Source of heading or term | BUEsh |
| 9 (RLIN) | 553 |
| 651 ## - SUBJECT ADDED ENTRY--GEOGRAPHIC NAME | |
| Source of heading or term | BUEsh |
| 653 ## - INDEX TERM--UNCONTROLLED | |
| Resource For college | BAEPS, Business Administration |
| Arrived date list | October2016 |
| 942 ## - ADDED ENTRY ELEMENTS (KOHA) | |
| Source of classification or shelving scheme | Dewey Decimal Classification |
| Withdrawn status | Item status | Source of classification or shelving scheme | Damaged status | Not for loan | Vendor | Home library | Current library | Shelving location | Date acquired | Source of acquisition | Cost, normal purchase price | Serial Enumeration / chronology | Total Checkouts | Full call number | Barcode | Date last seen | Cost, replacement price | Koha item type |
|---|---|---|---|---|---|---|---|---|---|---|---|---|---|---|---|---|---|---|
| Dewey Decimal Classification | Academic Bookshop | Central Library | Central Library | First floor | 23/10/2016 | Purchase | 325.00 | 25846 | 658.51 PAG | 000034455 | 15/07/2025 | 406.25 | Book - Borrowing | |||||
| Dewey Decimal Classification | Baccah | Central Library | Central Library | First floor | 27/11/2016 | Purchase | 325.00 | 25136 | 658.51 PAG | 000045027 | 15/07/2025 | 406.25 | Book - Borrowing |